Driven (Record no. 85093)

MARC details
000 -LEADER
fixed length control field 00693nam a22002297a 4500
003 - CONTROL NUMBER IDENTIFIER
control field URS
005 - DATE AND TIME OF LATEST TRANSACTION
control field 20250828100516.0
008 - FIXED-LENGTH DATA ELEMENTS--GENERAL INFORMATION
fixed length control field 250403b ||||| |||| 00| 0 eng d
020 ## - INTERNATIONAL STANDARD BOOK NUMBER
International Standard Book Number 9719316802
040 ## - CATALOGING SOURCE
Transcribing agency URS
050 ## - LIBRARY OF CONGRESS CALL NUMBER
Classification number HD30
Item number .D833 2004
245 ## - TITLE STATEMENT
Title Driven
Remainder of title : how to make it in Philippine business
264 ## - PRODUCTION, PUBLICATION, DISTRIBUTION, MANUFACTURE, AND COPYRIGHT NOTICE
Place of production, publication, distribution, manufacture Makati City
Name of producer, publisher, distributor, manufacturer Class 1971, Asian Institute of Management
Date of production, publication, distribution, manufacture, or copyright notice ©2004
300 ## - PHYSICAL DESCRIPTION
Extent 181 pages.,:
Dimensions 30 cm.
336 ## - CONTENT TYPE
Source rdacontent
Content type term text
337 ## - MEDIA TYPE
Source rdamedia
Media type term unmediated
338 ## - CARRIER TYPE
Source rdacarrier
Carrier type term volume
650 #0 - SUBJECT ADDED ENTRY--TOPICAL TERM
9 (RLIN) 2094
Topical term or geographic name entry element Business enterprises
650 #0 - SUBJECT ADDED ENTRY--TOPICAL TERM
9 (RLIN) 5354
Topical term or geographic name entry element Industrial management
650 #0 - SUBJECT ADDED ENTRY--TOPICAL TERM
9 (RLIN) 12096
Topical term or geographic name entry element Asian Institute of Management
General subdivision Class 1971
942 ## - ADDED ENTRY ELEMENTS (KOHA)
Source of classification or shelving scheme Library of Congress Classification
Koha item type Filipiniana
Holdings
Withdrawn status Source of classification or shelving scheme Damaged status Not for loan Collection code Home library Current library Date acquired Total Checkouts Full call number Barcode Date last seen Copy number Price effective from Koha item type
  Library of Congress Classification     Non-fiction Morong Graduate Library Morong Graduate Library 04/03/2025   HD30 .D833 2004 URSMOR-GL-5667 04/03/2025 1 04/03/2025 Filipiniana
  Library of Congress Classification     Non-fiction Morong Graduate Library Morong Graduate Library 04/03/2025   HD30 .D833 2004 URSMOR-GL-5668 04/03/2025 2 04/03/2025 Filipiniana

University of Rizal System
Email us at univlibservices@urs.edu.ph

Visit our Website www.urs.edu.ph/library